|
|
|
|
| LEADER |
00000nam0a2200000 4500 |
| 001 |
84319 |
| 005 |
20231031100535.0 |
| 035 |
|
|
|a (RuTPU)RU\TPU\book\90640
|
| 090 |
|
|
|a 84319
|
| 100 |
|
|
|a 20051027d1979 m y0rusy50 ca
|
| 101 |
0 |
|
|a rus
|
| 102 |
|
|
|a RU
|
| 105 |
|
|
|a a j 001zy
|
| 200 |
1 |
|
|a Городские кабельные линии связи
|e учебное пособие
|f Е. П. Дубровский, Г. Ш. Мижерицкий, Д. Л. Шарле
|
| 210 |
|
|
|a Москва
|c Связь
|d 1979
|
| 215 |
|
|
|a 296 с.
|c ил.
|
| 320 |
|
|
|a Библиогр.: с. 293
|
| 610 |
1 |
|
|a телефонные сети
|
| 610 |
1 |
|
|a постройка
|
| 610 |
1 |
|
|a уход
|
| 610 |
1 |
|
|a обслуживание
|
| 610 |
1 |
|
|a кабельные линии
|
| 610 |
1 |
|
|a связь
|
| 610 |
1 |
|
|a кабели
|
| 610 |
1 |
|
|a конструкции
|
| 610 |
1 |
|
|a прокладка
|
| 610 |
1 |
|
|a подвески
|
| 610 |
1 |
|
|a монтаж
|
| 610 |
1 |
|
|a электрические измерения
|
| 610 |
1 |
|
|a техническая эксплуатация
|
| 610 |
1 |
|
|a учебные пособия
|
| 675 |
|
|
|a 621.395.74(075.9)
|v 3
|
| 700 |
|
1 |
|a Дубровский
|b Е. П.
|g Евгений Петрович
|
| 701 |
|
1 |
|a Мижерицкий
|b Г. Ш.
|g Гирш Шоломович
|
| 701 |
|
1 |
|a Шарле
|b Д. Л.
|g Давид Леонидович
|
| 801 |
|
1 |
|a RU
|b 63413507
|c 20051027
|g PSBO
|
| 801 |
|
2 |
|a RU
|b 63413507
|c 20160728
|g PSBO
|
| 942 |
|
|
|c BK
|